A szuburbanizáció gazdasági-társadalmi hatásai Szeged példáján

Elmentve itt :
Bibliográfiai részletek
Szerző: Kerekes Zoltán
További közreműködők: Bajmócy Péter (Témavezető)
Dokumentumtípus: Szakdolgozat
Megjelent: 2006
Tárgyszavak:
Online Access:http://diploma.bibl.u-szeged.hu/33187
LEADER 00563nta a2200157 i 4500
001 dipl33187
005 20130314093236.0
008 110809s2006 hu om 0|| zxx d
040 |a SZTE Diploma Repozitórium  |b hun 
041 |a zxx 
100 1 |a Kerekes Zoltán 
245 1 2 |a A szuburbanizáció gazdasági-társadalmi hatásai Szeged példáján  |h [elektronikus dokumentum] /  |c Zoltán Kerekes 
260 |c 2006 
650 4 |a Gazdaságtudományok 
700 1 |a Bajmócy Péter  |e ths 
856 4 0 |u http://diploma.bibl.u-szeged.hu/id/eprint/33187/1/szakdolgozat.pdf  |z Dokumentum-elérés